Snapshots of Shame 1996 / (Record no. 594563)
[ view plain ]
| 000 -LEADER | |
|---|---|
| fixed length control field | 00384nam a22001457a 4500 |
| 003 - CONTROL NUMBER IDENTIFIER | |
| control field | NUST |
| 005 - DATE AND TIME OF LATEST TRANSACTION | |
| control field | 20230427115217.0 |
| 082 ## - DEWEY DECIMAL CLASSIFICATION NUMBER | |
| Classification number | 954.9183,JAF |
| 100 ## - MAIN ENTRY--PERSONAL NAME | |
| Personal name | Jafri, A.B.S |
| 9 (RLIN) | 111991 |
| 245 ## - TITLE STATEMENT | |
| Title | Snapshots of Shame 1996 / |
| Statement of responsibility, etc. | A.B.S Jafri, |
| 260 ## - PUBLICATION, DISTRIBUTION, ETC. | |
| Place of publication, distribution, etc. | Karachi, Pakistan |
| Name of publisher, distributor, etc. | Royal Book Company |
| Date of publication, distribution, etc. | 1997 |
| 300 ## - PHYSICAL DESCRIPTION | |
| Extent | 205 p |
| 650 ## - SUBJECT ADDED ENTRY--TOPICAL TERM | |
| Topical term or geographic name entry element | Community Generally Corrupt |
| 9 (RLIN) | 111992 |
| 942 ## - ADDED ENTRY ELEMENTS (KOHA) | |
| Source of classification or shelving scheme | |
| Koha item type | Book |
| Withdrawn status | Lost status | Source of classification or shelving scheme | Damaged status | Not for loan | Permanent Location | Current Location | Shelving location | Date acquired | Shelving control number | Full call number | Barcode | Date last seen | Price effective from | Koha item type | Public note |
|---|---|---|---|---|---|---|---|---|---|---|---|---|---|---|---|
| Military College of Signals (MCS) | Military College of Signals (MCS) | General Stacks | 04/27/2023 | Pakistan History | 954.9183,JAF | MCS27401 | 04/27/2023 | 04/27/2023 | Book | Almirah No.62,, Shelf No.3 |
